00353 a2200145 4500003000400000005001700004008004100021020001800062040000900080082001500089100002200104245004500126260002700171300000900198OSt20231109141838.0231109b |||||||| |||| 00| 0 eng d a9788194521839 coclc a920bSAH/M aSahib, Seethi K M aMaulana Muhammad Ali /cK M Seethi Sahib aKerala:bGrace,c2021. a159p